Arculatváltás előkészítése egy családi turisztikai vállalkozás esetében

Bibliográfiai részletek
Szerző: Sámson Fanni
További közreműködők: Debreceni Dr. János
Dokumentumtípus: Diplomadolgozat
Kulcsszavak:arculatváltás
falusi turizmus
márkamenedzsment
turisztikai komplexum
újramárkázás
Online Access:http://dolgozattar.uni-bge.hu/59445

MARC

LEADER 00000nta a2200000 i 4500
001 dolg59445
005 20260409145050.0
008 260409suuuu hu om 000 hun d
040 |a BGE Dolgozattár Repozitórium  |b hun 
041 |a hu 
100 1 |a Sámson Fanni 
245 1 0 |a Arculatváltás előkészítése egy családi turisztikai vállalkozás esetében  |c Sámson Fanni  |h [elektronikus dokumentum] 
520 3 |a Szakdolgozatom témája az arculatváltás, újramárkázás a turizmusban. A témát családi vállalkozásunk, a Füzeskerti Apartmanház ihlette, mivel a csupán pár apartmanból és teniszpályából álló vállalkozás mára már egy komplexummá nőtte ki magát 17 apartmannal, egy különálló vendégházzal, teniszpályákkal, étteremmel, wellness részleggel, saját homokos stranddal és egyéb szolgáltatásokkal. Mindezt összevetve a vállalkozás elérkezett ahhoz a ponthoz, amikor is szükséges az arculatát bővítenie, frissítenie, hogy tükrözze mindazt amit jelenleg nyújtani tud a vendégei számára. Ezen belül szükséges lesz a néven, mint márkaelemen változtatni, mivel az apartmanház már egy elavult kifejezés, illetve társulhat ehhez akár egy új logó is és egy erősebb marketingprogram. Dolgozatommal célul tűztem ki, hogy a vállalkozás jelenlegi kínálatát felmérve, fejlesztéseit, további célkitűzéseit és a környék adta lehetőségeket figyelembe véve felmérem, hogyan is lehetne a jelenlegi értékeit a vállalkozásnak egy új arculatba megalkotnia. 
695 |a arculatváltás 
695 |a falusi turizmus 
695 |a márkamenedzsment 
695 |a turisztikai komplexum 
695 |a újramárkázás 
700 1 |a Debreceni Dr. János  |e ths 
856 4 0 |u http://dolgozattar.uni-bge.hu/59445/1/Arculatv%C3%A1lt%C3%A1s%20el%C5%91k%C3%A9sz%C3%ADt%C3%A9se%20egy%20csal%C3%A1di%20turisztikai%20v%C3%A1llalkoz%C3%A1s%20eset%C3%A9ben.pdf  |z Dokumentum-elérés 
856 4 0 |u http://dolgozattar.uni-bge.hu/59445/2/250516_S%C3%A1mson_Fanni_B%C3%ADr%C3%A1lat_bels%C5%91.pdf  |z Dokumentum-elérés 
856 4 0 |u http://dolgozattar.uni-bge.hu/59445/3/Szakdolgozat%20b%C3%ADr%C3%A1lati%20lap%20S%C3%A1mson%20Fanni%20opponens%20K%C3%B3r%C3%B3di%20M%C3%A1rta.pdf  |z Dokumentum-elérés